| 000 | 00712nam a2200193 4500 | ||
|---|---|---|---|
| 001 | 132897 | ||
| 003 | ES-MaACL | ||
| 005 | 20250902102519.0 | ||
| 007 | t| | ||
| 008 | 070214s1934 sp r ||||1| spa d | ||
| 100 | 1 |
_aRoyo Gómez, José, _d1895-1961 _9100228 |
|
| 245 | 1 | 0 |
_aAlgunos vertebrados fósiles de la cuenca del Duero / _cJosé Royo y Gómez. |
| 260 |
_aMadrid : _b[s. n.], _c1934. |
||
| 300 |
_a7 p., 4 lám. ; _c24 cm. |
||
| 500 | _aEs tirada aparte de: Boletín de la Sociedad Española de Historia Natural, t. XXXIV, p. 505-511 + lám. XLV-XLVIII. | ||
| 710 | 2 |
_aReal Sociedad Española de Historia Natural _96397 |
|
| 852 |
_aES-MaACL _j1824-F-20 _bR.17020 |
||
| 999 |
_c132897 _d132897 |
||